00499nam a2200157Ia 4500008004100000082001900041100001500060245002400075260004700099365000600146630002400152730002400176942000900200999001900209952011300228100415s9999 xx 000 0 und d b1335a587(543) aBlatter E aThe ferns of Bombay aBOMBAYc1922bDB TARAPORWALA SONS AND CO.O b0 aThe ferns of Bombay aThe ferns of Bombay cBOOK c584393d584390 00104070aBNHSbBNHSd1997-12-30g0.00l0o587(543) 1335pBNHS-1335r2010-04-15 00:00:00w2010-04-15yBOOK